Análisis e implosión de las necesidades del cliente externo dirigidas al aseguramiento de la calidad del producto final en la División Avícola de la Corporación Gama
Tallennettuna:
| Päätekijä: | |
|---|---|
| Muut tekijät: | |
| Aineistotyyppi: | Kirja |
| Julkaistu: |
San José, C.R.
1997
|
| Aiheet: | |
| Tagit: |
Lisää tagi
Ei tageja, Lisää ensimmäinen tagi!
|
MARC
| LEADER | 00000nam a2200000Ia 4500 | ||
|---|---|---|---|
| 003 | 008274 | ||
| 005 | 20221231144229.0 | ||
| 008 | 140114s1997 cr a m 000 ||s d | ||
| 040 | |c cru CEDI | ||
| 090 | |a TFG 3706 | ||
| 100 | |a Clare Jiménez, Ana Catalina |9 9378 | ||
| 245 | |a Análisis e implosión de las necesidades del cliente externo dirigidas al aseguramiento de la calidad del producto final en la División Avícola de la Corporación Gama | ||
| 260 | |c 1997 |a San José, C.R. | ||
| 300 | |a xiv, [317] hojas : ilustraciones | ||
| 500 | |a Proyecto de graduación (licenciatura en ingeniería industrial)--Universidad de Costa Rica. Facultad de Ingeniería. Escuela de Ingeniería Industrial | ||
| 650 | |x CORPORACION GAMA (COSTA RICA).. DIVISION AGRICOLA - ADMINISTRACION |x CONTROL DE CALIDAD |x SERVICIO AL CLIENTE |9 9380 | ||
| 700 | |9 9379 |a Ramos Alvarado, Ana Isela | ||
| 942 | |c TFG | ||
| 999 | |c 18786 |d 18786 | ||
